000 00429nmm a2200157Ia 4500
008 251105s9999||||xx |||||||||||||||||und||
020 _a9788498167085
041 _aspa
100 _aÁlvarez Guerra, Juan
245 0 _aViajes por Filipinas
264 _a[Madrid, España] :
_bLinkgua,
_c2011
300 _a129 páginas
490 _aHistoria-Viajes
856 _uhttps://public.digitaliapublishing.com/a/13537
942 _cCF
999 _c91389
_d91389